| 000 | 00479nam a22001577a 4500 | ||
|---|---|---|---|
| 003 | OSt | ||
| 005 | 20151118090407.0 | ||
| 008 | 151118b xxu||||| |||| 00| 0 eng d | ||
| 040 | _cRUA | ||
| 082 | _aFIS ហេង 1993 B153 Or.1 | ||
| 100 |
_93829 _aហេង សុខ |
||
| 245 | _aការចិញ្ចឹមបំប៉ន និងចំណីកូនត្រីប្រាុ, | ||
| 260 |
_aPhnom Penh _bRUA _c1993 |
||
| 300 |
_a86p. _bill. _c29cm. |
||
| 942 |
_2ddc _cFIS |
||
| 999 |
_c3562 _d3562 |
||